Transforaciones en la formación académica de la escuela de servicio social, 1942-1970 /
Сохранить в:
| Главный автор: | |
|---|---|
| Формат: | |
| Язык: | Spanish |
| Метки: |
Добавить метку
Нет меток, Требуется 1-ая метка записи!
|
MARC
| LEADER | 00000nam a22000007a 4500 | ||
|---|---|---|---|
| 003 | cru CIDCACS/IIS | ||
| 005 | 20170804142250.0 | ||
| 007 | ta | ||
| 008 | 170804s2016 cr |||p|r|||| 00| 0 spa d | ||
| 999 | |c 19547 |d 19547 | ||
| 040 | |c cru CIDCACS/IIS | ||
| 100 | 1 | |9 5102 |a Angulo Brenes, Sonia | |
| 245 | 1 | |a Transforaciones en la formación académica de la escuela de servicio social, 1942-1970 / |c Sonia Angulo Brenes | |
| 300 | |a páginas 73-85: |b tablas | ||
| 773 | 0 | |0 19529 |9 1076 |a Universidad de Costa Rica. |d San José, Costa Rica: Editorial de la Universidad de Costa Rica, ago. 1992- |o 17918 |t Reflexiones / | |
| 942 | |2 ddc |c PP | ||
